Kleinere Schriften des Ibn al-'Arabī Handschriften in Uppsala und Berlin. Hrsg., Einlit. und Komment. von H. S. Nyberg. Leiden: Brill, 1919 : Buchbesprechung /

Elmentve itt :
Bibliográfiai részletek
Szerző: Hartmann Richard
További közreműködők: Nyberg Henrik Samuel
Ibn al-Arabi Muhjiaddín Abu-Bakr Mohammad
Dokumentumtípus: Cikk
Megjelent: Walter de Gruyter Berlin 1923
Sorozat:Der Islam
Kulcsszavak:Iszlám vallás
Tárgyszavak:
Online Access:http://misc.bibl.u-szeged.hu/66228
LEADER 01012nab a2200265 i 4500
001 misc66228
005 20220926111523.0
008 220411s1923 hu o 0|| ger d
040 |a SZTE Miscellanea Repozitórium  |b hun 
041 |a ger 
041 |a ara 
100 1 |a Hartmann Richard 
245 1 0 |a Kleinere Schriften des Ibn al-'Arabī   |h [elektronikus dokumentum] :  |b Handschriften in Uppsala und Berlin. Hrsg., Einlit. und Komment. von H. S. Nyberg. Leiden: Brill, 1919 : Buchbesprechung /  |c  Hartmann Richard 
260 |a Walter de Gruyter  |b Berlin  |c 1923 
300 |a p. 132-134.  |c 26 cm 
490 0 |a Der Islam 
561 |a Németh Gyula hagyaték 
591 |a NOZ 2233 
650 4 |a Bölcsészettudományok 
650 4 |a Nyelvek és irodalom 
650 4 |a Filozófia, etika és vallástudományok 
695 |a Iszlám vallás 
700 0 1 |a Nyberg Henrik Samuel 
700 0 2 |a Ibn al-Arabi Muhjiaddín Abu-Bakr Mohammad 
856 4 0 |u http://misc.bibl.u-szeged.hu/66228/1/2233_noz_h38.pdf  |z Dokumentum-elérés